[Event "SVR-op 35th"]
[Site "Nickenich"]
[Date "2012.04.06"]
[Round "6"]
[White "Bast, Patrick"]
[Black "Zimmer, Lukas"]
[Result "0-1"]
[WhiteElo "1030"]
[BlackElo "791"]
[PlyCount "152"]
[EventDate "2012.03.30"]
[EventType "swiss"]
[EventRounds "7"]
[EventCountry "GER"]
[SourceTitle "EXT 2013"]
[Source "ChessBase"]
[SourceDate "2012.11.22"]
[SourceVersion "1"]
[SourceVersionDate "2012.11.22"]
[SourceQuality "1"]

1. e4 e5 2. Nf3 f6 3. Bc4 Ne7 4. Nc3 c6 5. Nh4 d5 6. exd5 cxd5 7. Bb5+ Nbc6 8. Qh5+ g6 9. Qf3 f5 10. g3 a6 11. Bxc6+ bxc6 12. d3 h6 13. Bd2 g5 14. Qh5+ Kd7 15. Ng6 Nxg6 16. Qxg6 Kc7 17. Qf7+ Qe7 18. Qxe7+ Bxe7 19. 0-0-0 d4 20. Ne2 a5 21. f4 Bf6 22. Rhe1 c5 23. c3 Re8 24. cxd4 cxd4 25. Kb1 e4 26. Rc1+ Kb6 27. Rc4 Ba6 28. Rcc1 e3 29. Bxa5+ Kxa5 30. Rc5+ Kb6 31. Rxf5 Bg7 32. Rf7 Bxd3+ 33. Ka1 Bxe2 34. Rxg7 Bb5 35. Rg6+ Kc7 36. Rc1+ Kd7 37. Rc5 Rg8 38. Rd5+ Ke7 39. Rxh6 Rh8 40. Re5+ Kf7 41. Rb6 Rac8 42. Rb7+ Kf6 43. Rb6+ Kg7 44. Rxg5+ Kf8 45. b3 e2 46. Rf5+ Ke7 47. Re5+ Kd7 48. Rbxb5 Rc1+ 49. Kb2 e1Q 50. Rxe1 Rxe1 51. Rd5+ Kc6 52. Rxd4 Rxh2+ 53. Ka3 Ra1 54. f5 Kb5 55. Rd5+ Kc6 56. Re5 Raxa2+ 57. Kb4 Raf2 58. Kc4 Rhg2 59. Re6+ Kd7 60. Re5 Rxg3 61. b4 Rf4+ 62. Kb5 Kd6 63. Re6+ Kd5 64. Rc6 Ke5 65. f6 Rxf6 66. Rxf6 Kxf6 67. Kc6 Ke6 68. b5 Rc3+ 69. Kb7 Kd7 70. b6 Kd8 71. Ka8 Rb3 72. Kb7 Kd7 73. Ka6 Kc6 74. Ka7 Rxb6 75. Ka8 Kc7 76. Ka7 Rc6 0-1

[Event "SVR-op 35th"]
[Site "Nickenich"]
[Date "2012.03.31"]
[Round "1"]
[White "Zimmer, Lukas"]
[Black "Glienke, Norbert"]
[Result "1-0"]
[WhiteElo "791"]
[BlackElo "1852"]
[PlyCount "101"]
[EventDate "2012.03.30"]
[EventType "swiss"]
[EventRounds "7"]
[EventCountry "GER"]
[SourceTitle "EXT 2013"]
[Source "ChessBase"]
[SourceDate "2012.11.22"]
[SourceVersion "1"]
[SourceVersionDate "2012.11.22"]
[SourceQuality "1"]

1. e4 g6 2. d4 Bg7 3. c3 c5 4. Nf3 Nc6 5. d5 Ne5 6. Be3 d6 7. Nxe5 Bxe5 8. f4 Bg7 9. g4 Nf6 10. Bh3 0-0 11. Nd2 Qb6 12. Rb1 Bd7 13. b3 Qa6 14. a4 Qd3 15. Kf2 Nxe4+ 16. Nxe4 Qxd1 17. Rhxd1 f5 18. gxf5 gxf5 19. Ng3 Bxc3 20. Rg1 Kh8 21. Ne2 Bf6 22. Ng3 Rf7 23. Bxf5 Bxf5 24. Nxf5 Be5 25. Rg5 Raf8 26. fxe5 Rxf5+ 27. Rxf5 Rxf5+ 28. Ke2 Rxe5 29. Rd1 Rh5 30. Bg1 Rh3 31. Rd3 Rh4 32. Re3 Rb4 33. Rxe7 Rxb3 34. Re8+ Kg7 35. Re7+ Kf6 36. Re6+ Kf5 37. Rxd6 Rb2+ 38. Kd3 b6 39. Rd7 Rb3+ 40. Kc4 Rb4+ 41. Kc3 Rxa4 42. Rxh7 Ke5 43. Rh5+ Kd6 44. h4 Rg4 45. Bh2+ Kd7 46. Rh7+ Ke8 47. d6 Rd4 48. h5 a5 49. Ra7 Rh4 50. Be5 Rxh5 51. d7+ 1-0